000 00272nam a2200109Ia 4500
008 220120s9999||||xx |||||||||||||| ||und||
082 _a621.3822 RAM
100 _aRamesh, Hegde, M
_911396
245 0 _aDigital signal processing
260 _bNew Delhi
300 _a542p.
_b0
999 _c136312
_d136312